<?xml version="1.0" encoding="UTF-8"?>
<record
    xmlns:xsi="http://www.w3.org/2001/XMLSchema-instance"
    xsi:schemaLocation="http://www.loc.gov/MARC21/slim http://www.loc.gov/standards/marcxml/schema/MARC21slim.xsd"
    xmlns="http://www.loc.gov/MARC21/slim">

  <leader>01641nam a2200277 a 4500</leader>
  <controlfield tag="001">000001825</controlfield>
  <controlfield tag="005">20200929145722.0</controlfield>
  <controlfield tag="008">090629s2002    es a          001 0 spa d</controlfield>
  <datafield tag="020" ind1=" " ind2=" ">
    <subfield code="a">8445411519</subfield>
  </datafield>
  <datafield tag="040" ind1=" " ind2=" ">
    <subfield code="a">DO-SdBNP</subfield>
    <subfield code="b">spa</subfield>
    <subfield code="c">BNPHU</subfield>
  </datafield>
  <datafield tag="082" ind1=" " ind2=" ">
    <subfield code="a">346.07</subfield>
    <subfield code="b">E77L</subfield>
  </datafield>
  <datafield tag="110" ind1="2" ind2=" ">
    <subfield code="a">Espa&#xF1;a.</subfield>
    <subfield code="9">4524</subfield>
  </datafield>
  <datafield tag="240" ind1="1" ind2="2">
    <subfield code="a">[Leyes, etc.]</subfield>
  </datafield>
  <datafield tag="245" ind1="1" ind2="0">
    <subfield code="a">Legislaci&#xF3;n b&#xE1;sica mercantil :</subfield>
    <subfield code="b">actualizada a septiembre de 2002.</subfield>
  </datafield>
  <datafield tag="260" ind1=" " ind2=" ">
    <subfield code="a">Madrid :</subfield>
    <subfield code="b">Centro de Estudios Financieros,</subfield>
    <subfield code="c">2002.</subfield>
  </datafield>
  <datafield tag="300" ind1=" " ind2=" ">
    <subfield code="a">341 p. :</subfield>
    <subfield code="b">il. ;</subfield>
    <subfield code="c">24 cm.</subfield>
  </datafield>
  <datafield tag="490" ind1="1" ind2=" ">
    <subfield code="a">NORMATIVA</subfield>
  </datafield>
  <datafield tag="505" ind1="0" ind2=" ">
    <subfield code="g">Normas generales:</subfield>
    <subfield code="t">C&#xF3;digo de comercio (incluye los preceptos vigentes del c&#xF3;digo de Comercio de 1829) --</subfield>
    <subfield code="t">Reglamento de Registro Mercantil (incluye los preceptos vigentes del Reglamento aprobado por D. de 14 de diciembre de 1956) --</subfield>
    <subfield code="g">Sociedades:</subfield>
    <subfield code="t">Texto refundido de la Ley de Sociedades An&#xF3;nimas (incluye el RD. 821/1991, de 17 de mayo, por el que se desarrolla el art&#xED;culo 137 del Texto Refundido de la ley de Sociedades An&#xF3;nimas en materia de nombramiento de miembros del Consejo de Administraci&#xF3;n por el sistema proporcional) --</subfield>
    <subfield code="t">Ley de Sociedades de Responsabilidad Limitada (Ley 2/1995, de 23 de marzo) --</subfield>
    <subfield code="g">T&#xED;tulos valores:</subfield>
    <subfield code="t">Ley cambiaria y del cheque (Ley 19/1985, de 16 de julio) --</subfield>
    <subfield code="g">&#xCD;ndice anal&#xED;tico.</subfield>
  </datafield>
  <datafield tag="650" ind1=" " ind2="4">
    <subfield code="a">Derecho comercial</subfield>
    <subfield code="z">Espa&#xF1;a</subfield>
    <subfield code="9">5939</subfield>
  </datafield>
  <datafield tag="650" ind1=" " ind2="4">
    <subfield code="a">Derecho comercial</subfield>
    <subfield code="x">Legislaci&#xF3;n</subfield>
    <subfield code="9">5940</subfield>
  </datafield>
  <datafield tag="650" ind1=" " ind2="4">
    <subfield code="a">Sociedades comerciales</subfield>
    <subfield code="x">Legislaci&#xF3;n</subfield>
    <subfield code="9">5941</subfield>
  </datafield>
  <datafield tag="650" ind1=" " ind2="4">
    <subfield code="a">Acci&#xF3;n cambiaria</subfield>
    <subfield code="x">Legislaci&#xF3;n</subfield>
    <subfield code="9">5942</subfield>
  </datafield>
  <datafield tag="710" ind1="2" ind2=" ">
    <subfield code="a">Centro de Estudios Financieros.</subfield>
    <subfield code="b">Gabinete Jur&#xED;dico (Espa&#xF1;a)</subfield>
    <subfield code="9">5943</subfield>
  </datafield>
  <datafield tag="830" ind1=" " ind2="0">
    <subfield code="a">NORMATIVA</subfield>
    <subfield code="9">5944</subfield>
  </datafield>
  <datafield tag="910" ind1=" " ind2=" ">
    <subfield code="a">Validado. Control de calidad EMS</subfield>
  </datafield>
  <datafield tag="952" ind1=" " ind2=" ">
    <subfield code="0">0</subfield>
    <subfield code="1">0</subfield>
    <subfield code="5">4</subfield>
    <subfield code="7">0</subfield>
    <subfield code="8">MO</subfield>
    <subfield code="a">GR</subfield>
    <subfield code="b">GR</subfield>
    <subfield code="c">HD</subfield>
    <subfield code="d">2009-06-29</subfield>
    <subfield code="i">LF1</subfield>
    <subfield code="l">0</subfield>
    <subfield code="o">346.07 E77L</subfield>
    <subfield code="p">1825-10</subfield>
    <subfield code="r">2020-06-25</subfield>
    <subfield code="w">2020-06-25</subfield>
    <subfield code="y">4</subfield>
    <subfield code="Z">Pr&#xE9;stamo en sala</subfield>
  </datafield>
  <datafield tag="999" ind1=" " ind2=" ">
    <subfield code="c">1702</subfield>
    <subfield code="d">1702</subfield>
  </datafield>
</record>
